TQM a učiaca sa organizácia
TQM=total quality management - a LO=learning organization - definície. Spôsob učenia sa organizácie. Vzájomné prepojenie TQM a LO.
Salvato in:
| Autore principale: | |
|---|---|
| Natura: | Capitolo di libro |
| Lingua: | slovacco |
| Soggetti: | |
| Tags: |
Nessun Tag, puoi essere il primo ad aggiungerne!!
|
MARC
| LEADER | 00000naa$a2200000$$$4500 | ||
|---|---|---|---|
| 001 | 0015196 | ||
| 005 | 20240502071401.6 | ||
| 041 | 0 | |a slo | |
| 044 | |a SK | ||
| 245 | 1 | 0 | |a TQM a učiaca sa organizácia |c Martin Mizla |
| 520 | |a TQM=total quality management - a LO=learning organization - definície. Spôsob učenia sa organizácie. Vzájomné prepojenie TQM a LO. | ||
| 610 | 2 | 0 | |a vzdelávanie ďalšie |
| 610 | 2 | 0 | |a výchova odborná |
| 610 | 2 | 0 | |a modely |
| 610 | 2 | 0 | |a učiaca sa organizácia |
| 610 | 2 | 0 | |a definície |
| 100 | 1 | |a Mizla, Martin, 1955- | |